Guess the Movie by a Character #1 - Statistics

General Stats
  • This quiz has been taken 84 times
  • The average score is 7 of 15
Answer Stats
Character Movie % Correct
Peter Parker Spider-Man
99%
Luke Skywalker | Grand Moff Tarkin Star Wars
92%
Bruce Wayne | Riddler The Batman
87%
Morpheus | Neo The Matrix
66%
Patrick Bateman American Psycho
65%
Vito Corleone | Sonny Corleone The Godfather
57%
Tyler Durden Fight Club
51%
Jack Torrance The Shining
38%
Andy Dufresne The Shawshank Redemption
29%
Debora | Baby Baby Driver
22%
Nick Dunne | Amy Elliott Dunne Gone Girl
17%
Dr. King Schultz | Calvin J. Candie Django Unchained
14%
The Protagonist | Neil Tenet
12%
Robert Michael Fischer | Mr. Saito Inception
5%
Louise Banks Arrival
4%
No matching quizzes found
Score Distribution
Percent of People with Each Score
Percentile by Number Answered
Your Score History
You have not taken this quiz